[Event "AUTO-INT-3558"]
[Site "http://www.queenalice.com/game.php?id=1618696"]
[Date "2020.6.30"]
[Round "1"]
[White "attib"]
[Black "od_xavier"]
[Result "0-1"]
[WhiteElo "1662"]
[BlackElo "1308"]

1. e4 h6 2. d4 d5 3. e5 e6 4. Nf3 c5 5. Bf4 cxd4 6. Qxd4 Nc6 7. Qa4 Bd7 8. Qb3
Nge7 9. Nc3 g5 10. Bd2 Bg7 11. Qxb7 Nxe5 12. Nxe5 Bxe5 13. Bb5 Rb8 14. Bxd7+ Kf8
15. Qxa7 Rxb2 16. O-O Rxc2 17. Rab1 Rxd2 18. Rb8 Bxb8 19. Qa8 Qxd7 20. Qxb8+ Kg7
21. Qe5+ f6 0-1

[Event "AUTO-INT-3558"]
[Site "http://www.queenalice.com/game.php?id=1618697"]
[Date "2020.6.30"]
[Round "1"]
[White "od_xavier"]
[Black "attib"]
[Result "0-1"]
[WhiteElo "1358"]
[BlackElo "1614"]

1. a3 e5 2. Nc3 Nf6 3. d3 Nc6 4. g3 d5 5. Bg2 d4 6. Ne4 Bf5 7. Nxf6+ Qxf6 8.
Bxc6+ bxc6 9. c3 c5 10. e3 dxc3 11. bxc3 Qc6 12. Nf3 Bd6 13. d4 Qe4 14. dxe5
Bxe5 15. Bd2 Bg4 16. Rg1 Bxf3 17. Qb3 O-O 18. a4 Qd3 19. Qd1 Bxd1 20. Rxd1 Rad8
21. f4 Bxc3 22. Bxc3 Qxc3+ 23. Kf2 Rxd1 24. Rxd1 Qc2+ 25. Ke1 Re8 26. a5 Rxe3+
27. Kf1 Qxd1+ 28. Kf2 Qd2+ 29. Kf1 Re1# 0-1

[Event "AUTO-INT-3558"]
[Site "http://www.queenalice.com/game.php?id=1618702"]
[Date "2020.6.30"]
[Round "1"]
[White "zmanomega"]
[Black "od_xavier"]
[Result "1/2-1/2"]
[WhiteElo "1471"]
[BlackElo "1397"]

1. d4 h6 2. e3 h5 3. Nf3 f6 4. Bb5 c6 5. Bc4 d5 6. Bb3 Nd7 7. Nc3 e5 8. dxe5
fxe5 9. e4 Ngf6 10. exd5 cxd5 11. Nxd5 Nxd5 12. Bxd5 Qa5+ 13. c3 Nf6 14. Bb3 Bc5
15. O-O Ng4 16. Nxe5 Bxf2+ 17. Rxf2 Nxf2 18. Qe2 Qc5 19. Ng6+ Kd7 20. Qe6+ Kd8
21. Bg5+ Qxg5 22. Qd6+ Bd7 23. Nxh8 Nh3+ 24. Kf1 Qf4+ 25. Qxf4 Nxf4 26. Rd1 Kc7
27. Nf7 Rf8 28. Kg1 h4 29. Rf1 Ng6 30. a4 Re8 31. a5 Re2 32. Bc4 Rxb2 33. Ng5
Bc6 34. Rf7+ Kd6 35. Rxg7 Ne5 36. Bf1 Ra2 37. Nf7+ Nxf7 38. Rxf7 Rxa5 39. Rf6+
Kc5 40. Rf5+ Kb6 41. Rf4 h3 42. g3 Rc5 43. Bxh3 Rxc3 44. Bc8 Rc2 45. h4 Rg2+ 46.
Kf1 Rxg3 47. h5 Rg8 48. Bg4 Rh8 49. Kf2 Be8 50. Rf5 Ka6 51. Rf6+ b6 52. h6 Ka5
53. Bf5 b5 54. Re6 a6 55. h7 b4 56. Re7 Ka4 57. Rg7 a5 58. Rg8 Rxh7 59. Bxh7 Bf7
60. Rg3 Ba2 61. Be4 b3 62. Rg1 Ka3 63. Rg3 a4 64. Ke1 Kb4 65. Bd5 Bb1 66. Kd2
Bc2 67. Bxb3 Bxb3 68. Kc1 Ka3 69. Rg2 Kb4 70. Rf2 Kc3 71. Kb1 Kd3 72. Kb2 Ke3
73. Rh2 1/2-1/2

[Event "AUTO-INT-3558"]
[Site "http://www.queenalice.com/game.php?id=1618703"]
[Date "2020.6.30"]
[Round "1"]
[White "od_xavier"]
[Black "zmanomega"]
[Result "1-0"]
[WhiteElo "1395"]
[BlackElo "1567"]

1. a3 d5 2. a4 Nc6 3. c3 Bf5 4. d3 d4 5. cxd4 Nxd4 6. e4 Be6 7. Nd2 c5 8. Ngf3
Bg4 9. b3 Qa5 10. Rb1 Nf6 11. Be2 Nxf3+ 12. Bxf3 Be6 13. O-O Bd7 14. Ba3 Qc3 15.
Nc4 Qd4 16. h3 Be6 17. Re1 Bxc4 18. bxc4 b6 19. Qd2 e5 20. Bb2 Qd6 21. a5 a6 22.
Bc3 Rb8 23. g4 Be7 24. axb6 Rxb6 25. Ba5 Rxb1 26. Rxb1 O-O 27. Qe3 Bd8 28. Bxd8
Rxd8 29. Be2 a5 30. Rb5 Qc7 31. Rxc5 Qe7 32. Rxa5 h6 33. f4 exf4 34. Qxf4 g5 35.
Qe3 Rb8 36. Qc5 Rb1+ 37. Kg2 Qd8 38. e5 Rb2 39. Kf3 Kg7 40. exf6+ Qxf6+ 41. Qf5
Qc6+ 42. Rd5 Qf6 43. Qxf6+ Kxf6 44. Rd6+ Kg7 45. d4 Rb1 46. c5 f6 47. d5 Rb3+
48. Kg2 Rb2 49. Kf2 Rb1 50. c6 Kf7 51. Rd7+ Kg6 52. c7 Rc1 53. d6 Rc3 54. Rd8
Rxh3 55. c8=Q 1-0

[Event "Challenge"]
[Site "http://www.queenalice.com/game.php?id=1626706"]
[Date "2020.9.12"]
[Round "-"]
[White "dimitridruloza2012"]
[Black "od_xavier"]
[Result "1-0"]
[WhiteElo "1785"]
[BlackElo "1419"]

1. e4 g6 2. d4 Bg7 3. Nf3 e6 4. Nc3 d5 5. Bg5 Bf6 6. Qd2 Bxg5 7. Nxg5 dxe4 8.
Ncxe4 Nf6 9. Qf4 Nbd7 10. Bb5 O-O 11. Bxd7 Bxd7 12. Nxf6+ Kg7 13. Nfxh7 Re8 14.
Qxf7+ Kh6 15. h4 e5 16. h5 exd4+ 17. Kf1 gxh5 18. Rxh5# 1-0

[Event "AUTO-INT-3557"]
[Site "http://www.queenalice.com/game.php?id=1628569"]
[Date "2020.9.30"]
[Round "2"]
[White "Wecker"]
[Black "od_xavier"]
[Result "1-0"]
[WhiteElo "1865"]
[BlackElo "1473"]

1. e4 e6 2. d4 d6 3. Nc3 Nf6 4. Bg5 Be7 5. Bd3 h6 6. Be3 Nc6 7. f4 g5 8. Nf3
gxf4 9. Bxf4 h5 10. d5 exd5 11. exd5 Nb4 12. a3 Nbxd5 13. Nxd5 Nxd5 14. Bb5+ c6
15. Bg3 Ne3 16. Qd2 Nd5 17. Qxd5 Bd7 18. Qd4 1-0

[Event "AUTO-INT-3557"]
[Site "http://www.queenalice.com/game.php?id=1628570"]
[Date "2020.9.30"]
[Round "2"]
[White "od_xavier"]
[Black "Wecker"]
[Result "0-1"]
[WhiteElo "1471"]
[BlackElo "1867"]

1. e3 e5 2. d3 d5 3. Nf3 Nc6 4. c3 Bg4 5. Be2 f5 6. h3 Bh5 7. g4 fxg4 8. hxg4
Bxg4 9. b4 Bd6 10. b5 Nce7 11. c4 dxc4 12. dxc4 e4 13. Nd4 Bxe2 14. Qxe2 Nf6 15.
Bb2 Qd7 16. Nd2 b6 17. Rg1 g6 18. a4 h5 0-1

[Event "AUTO-INT-3557"]
[Site "http://www.queenalice.com/game.php?id=1628579"]
[Date "2020.9.30"]
[Round "2"]
[White "od_xavier"]
[Black "Lucasbarbaruiva"]
[Result "0-1"]
[WhiteElo "1421"]
[BlackElo "1576"]

1. c3 e5 2. a3 d6 3. d4 b6 4. dxe5 Bb7 5. exd6 Qxd6 6. Qxd6 cxd6 7. e4 Bxe4 8.
Nd2 Bc6 9. Bc4 Bxg2 10. Ndf3 Bxh1 11. Bf4 Bxf3 12. Nxf3 Nf6 13. O-O-O d5 14.
Bxd5 Nxd5 15. Rxd5 f6 16. Rd4 Bc5 17. Rc4 O-O 18. h4 Bxf2 19. h5 Na6 20. Re4 Nc5
21. Re7 Nd3+ 22. Kb1 Nxf4 23. Nd4 Bxd4 24. cxd4 Nxh5 25. d5 Rad8 26. Rxa7 Rxd5
27. Rb7 b5 28. Ka2 Nf4 29. Kb3 Rc8 30. Kb4 Nd3+ 31. Ka5 b4+ 32. Ka4 bxa3 33.
bxa3 Nc5+ 34. Kb4 Nxb7 35. a4 h5 36. a5 Rxa5 0-1

[Event "AUTO-INT-3557"]
[Site "http://www.queenalice.com/game.php?id=1628580"]
[Date "2020.9.30"]
[Round "2"]
[White "Lucasbarbaruiva"]
[Black "od_xavier"]
[Result "1-0"]
[WhiteElo "1586"]
[BlackElo "1411"]

1. e4 e6 2. d3 c6 3. g3 d5 4. Bg2 d4 5. Bd2 c5 6. Ne2 e5 7. O-O f5 8. c3 fxe4 9.
Bxe4 Nc6 10. Bxc6+ bxc6 11. cxd4 cxd4 12. Na3 Bxa3 13. bxa3 Ba6 14. Qc2 Ne7 15.
Bb4 Nd5 16. Qxc6+ Qd7 17. Qxa8+ Qd8 18. Qxd8+ Kxd8 19. Rfd1 Bc8 20. Kg2 Bg4 21.
Rd2 Rf8 22. Bxf8 Ke8 23. Bxg7 a5 24. Bxe5 Nc3 25. Nxc3 dxc3 26. Bxc3 h5 27. Bxa5
Ke7 28. a4 Bd7 29. Bb4+ Ke6 30. a5 Ke5 31. f4+ Kd4 32. a6 Ke3 33. a7 Bc6+ 34.
Kh3 Kd4 35. a4 Ke3 36. d4 Bf3 37. d5 1-0

[Event "AUTO-INT-3557"]
[Site "http://www.queenalice.com/game.php?id=1628581"]
[Date "2020.9.30"]
[Round "2"]
[White "od_xavier"]
[Black "caradepau"]
[Result "0-1"]
[WhiteElo "1452"]
[BlackElo "1605"]

1. d3 d5 2. e3 d4 3. e4 e5 4. Nf3 Nc6 5. c3 h6 6. cxd4 exd4 7. Bf4 Bb4+ 8. Nbd2
Bg4 9. Be2 Bxf3 10. Bxf3 Nge7 11. O-O Ng6 12. Bg3 Qg5 13. Nc4 O-O 14. a3 Be7 15.
e5 Ncxe5 16. Re1 Nxf3+ 17. Qxf3 c6 18. b4 c5 19. Qxb7 a6 20. Re4 cxb4 21. axb4
Rfe8 22. Rxd4 Bf6 23. Rxa6 Qc1# 0-1

[Event "AUTO-INT-3557"]
[Site "http://www.queenalice.com/game.php?id=1628582"]
[Date "2020.9.30"]
[Round "2"]
[White "caradepau"]
[Black "od_xavier"]
[Result "1-0"]
[WhiteElo "1644"]
[BlackElo "1428"]

1. e4 e6 2. e5 d5 3. d4 c5 4. Nf3 cxd4 5. Nxd4 Bc5 6. a3 Nc6 7. Bb5 Bd7 8. Bxc6
bxc6 9. O-O Ne7 10. Nc3 Qb6 11. Nf3 Nf5 12. Na4 Bxf2+ 13. Rxf2 Qd8 14. Bg5 f6
15. exf6 gxf6 16. Bh4 h5 17. Nc5 e5 18. Nxd7 Qxd7 19. Bxf6 Rg8 20. Nxe5 Qe6 21.
Qxh5+ Kf8 22. Rxf5 Rb8 23. Ng6+ Rxg6 24. Qxg6 Qf7 25. Qxf7+ Kxf7 26. Be5+ Ke6
27. Bxb8 Kxf5 28. Bxa7 Ke5 29. Rf1 Ke4 30. h4 d4 31. h5 d3 32. cxd3+ Kxd3 33. h6
1-0

[Event "AUTO-INT-3585"]
[Site "http://www.queenalice.com/game.php?id=1628608"]
[Date "2020.9.30"]
[Round "1"]
[White "IMONTELO"]
[Black "od_xavier"]
[Result "1-0"]
[WhiteElo "1650"]
[BlackElo "1469"]

1. e4 e6 2. Qf3 Qf6 3. Nc3 Qxf3 4. Nxf3 d6 5. g3 Nf6 6. Nb5 Kd7 7. d3 c6 8. Nbd4
d5 9. Ne5+ Ke7 10. exd5 cxd5 11. b3 h6 12. Be2 g5 13. Nb5 a5 14. Be3 Nc6 15.
Bc5+ Kd8 16. Nxf7+ Ke8 17. Nxh8 Kd7 18. Bxf8 Nb4 19. Bd1 d4 20. Nxd4 Kc7 21. O-O
Bd7 22. Bg7 Nfd5 23. Nf7 Be8 24. Ne5 Kd6 25. Nc4+ Ke7 26. Re1 Bb5 27. Nxe6 Kf7
28. Bxh6 Bxc4 29. dxc4 Nc3 30. Nxg5+ Kg6 31. Re6+ Kf5 32. g4+ 1-0

[Event "AUTO-INT-3585"]
[Site "http://www.queenalice.com/game.php?id=1628609"]
[Date "2020.9.30"]
[Round "1"]
[White "od_xavier"]
[Black "IMONTELO"]
[Result "0-1"]
[WhiteElo "1460"]
[BlackElo "1659"]

1. d3 e5 2. e3 Na6 3. Nf3 d6 4. c3 Nf6 5. d4 e4 6. Nfd2 g6 7. f3 Bf5 8. fxe4
Bxe4 9. Nxe4 Nxe4 10. g3 Qf6 11. Qd3 Qf2+ 12. Kd1 Qf3+ 13. Kc2 Qxh1 14. Kb3
Nec5+ 15. dxc5 Nxc5+ 16. Kc2 Nxd3 17. Kxd3 Qxf1+ 18. Kc2 Qe2+ 19. Kb3 Qxh2 20.
Nd2 Qxg3 21. e4 a5 22. a4 Qd3 23. Ra3 d5 24. Ka2 Bxa3 25. bxa3 Qc2+ 26. Ka1
Qxc1+ 27. Ka2 Qxd2+ 28. Kb1 dxe4 29. c4 e3 30. c5 e2 0-1

[Event "AUTO-INT-3585"]
[Site "http://www.queenalice.com/game.php?id=1628624"]
[Date "2020.9.30"]
[Round "1"]
[White "od_xavier"]
[Black "Jorac"]
[Result "0-1"]
[WhiteElo "1438"]
[BlackElo "1734"]

1. e3 d5 2. d3 e5 3. Nf3 Nc6 4. b3 Bg4 5. Be2 Nf6 6. Bb2 Bd6 7. Nbd2 O-O 8. h3
Bd7 9. d4 e4 10. Ne5 Re8 11. Nxc6 Bxc6 12. g4 h6 0-1

[Event "AUTO-INT-3585"]
[Site "http://www.queenalice.com/game.php?id=1628625"]
[Date "2020.9.30"]
[Round "1"]
[White "Jorac"]
[Black "od_xavier"]
[Result "1-0"]
[WhiteElo "1738"]
[BlackElo "1434"]

1. e4 e6 2. d4 d6 3. Nf3 Nc6 4. Bb5 Bd7 5. O-O a6 6. Ba4 b5 7. Bb3 a5 8. a4 Nb4
9. Nc3 c6 10. d5 cxd5 11. exd5 e5 12. Nxb5 1-0

[Event "AUTO-OPEN-4217"]
[Site "http://www.queenalice.com/game.php?id=1628845"]
[Date "2020.10.2"]
[Round "1"]
[White "juki"]
[Black "od_xavier"]
[Result "1-0"]
[WhiteElo "2132"]
[BlackElo "1430"]

1. Nf3 e6 2. b3 d6 3. Bb2 Nf6 4. d4 Nc6 5. Nbd2 e5 6. dxe5 dxe5 7. Nxe5 Nxe5 8.
Bxe5 g6 9. Ne4 Bg7 10. Qxd8+ Kxd8 11. Bxf6+ Bxf6 12. Nxf6 Bf5 13. e4 Be6 14.
O-O-O+ Ke7 15. Nd5+ Kf8 16. Nxc7 Rc8 17. Nxe6+ fxe6 18. Rd7 Rc6 19. Rxb7 a6 20.
Bc4 Rg8 21. Rd1 Rc8 22. Rdd7 h5 23. Bxe6 Rh8 24. Rf7+ Ke8 25. Bxc8 Kd8 26. Be6
Ke8 27. Rb8# 1-0

[Event "AUTO-OPEN-4217"]
[Site "http://www.queenalice.com/game.php?id=1628846"]
[Date "2020.10.2"]
[Round "1"]
[White "od_xavier"]
[Black "juki"]
[Result "0-1"]
[WhiteElo "1442"]
[BlackElo "2011"]

1. e3 g6 2. d3 Bg7 3. c3 e5 4. Nd2 Ne7 5. e4 d5 6. Ngf3 O-O 7. h3 c5 8. Be2 Nbc6
9. a3 a5 10. b3 h6 11. h4 Be6 12. h5 g5 13. Nh2 f5 14. exf5 Bxf5 15. Nhf3 e4 16.
dxe4 dxe4 17. Nh2 Bxc3 18. f3 e3 19. Ra2 Qd6 20. g4 Qg3+ 21. Kf1 Qf2# 0-1

[Event "AUTO-OPEN-4217"]
[Site "http://www.queenalice.com/game.php?id=1628867"]
[Date "2020.10.2"]
[Round "1"]
[White "od_xavier"]
[Black "ricardoguevara"]
[Result "0-1"]
[WhiteElo "1402"]
[BlackElo "1428"]

1. e3 g6 2. d3 Bg7 3. Nc3 Nf6 4. Nf3 O-O 5. d4 d5 6. Ne5 Nc6 7. Nxc6 bxc6 8. Bd3
Bf5 9. Bxf5 gxf5 10. Ne2 Ne4 11. b3 e5 12. c3 exd4 13. cxd4 Qh4 14. O-O c5 15.
Ng3 cxd4 16. Nxe4 fxe4 17. exd4 c5 18. Bb2 c4 19. bxc4 dxc4 20. Rc1 Rac8 21. Re1
Bh6 0-1

[Event "AUTO-OPEN-4217"]
[Site "http://www.queenalice.com/game.php?id=1628868"]
[Date "2020.10.2"]
[Round "1"]
[White "ricardoguevara"]
[Black "od_xavier"]
[Result "1-0"]
[WhiteElo "1443"]
[BlackElo "1387"]

1. g3 e6 2. e4 d6 3. Bg2 Nc6 4. Nf3 Nf6 5. O-O d5 6. exd5 exd5 7. d4 Bd6 8. Qe1+
Be6 9. Bg5 Be7 10. Bxf6 Bxf6 11. Nc3 O-O 12. Rd1 b6 13. Nb5 Bg4 14. Nc3 Nxd4 15.
Nxd4 Bxd1 16. Nxd1 Qd7 17. c3 c5 18. Nf3 Rad8 19. b4 Qa4 20. Nb2 Qxa2 21. Nd3
1-0

[Event "AUTO-OPEN-4217"]
[Site "http://www.queenalice.com/game.php?id=1628869"]
[Date "2020.10.2"]
[Round "1"]
[White "od_xavier"]
[Black "Profnabor"]
[Result "0-1"]
[WhiteElo "1440"]
[BlackElo "2043"]

1. e3 c5 2. d3 d5 3. c3 e5 4. Nf3 Nc6 5. Nbd2 Nf6 6. e4 d4 7. c4 Be7 8. h3 O-O
9. g4 h6 10. Nb3 b6 11. Bd2 Nh7 12. h4 Bxg4 13. Be2 Bxf3 14. Bxf3 Bxh4 15. Qe2
Bg5 16. Bg4 Nb4 17. Bxb4 cxb4 18. a3 bxa3 19. Rxa3 Be7 20. Ra1 Bb4+ 21. Kd1 a5
22. Nd2 Nf6 23. f3 Nxg4 24. fxg4 Qg5 25. Rh5 Qe7 0-1

[Event "AUTO-OPEN-4217"]
[Site "http://www.queenalice.com/game.php?id=1628870"]
[Date "2020.10.2"]
[Round "1"]
[White "Profnabor"]
[Black "od_xavier"]
[Result "1-0"]
[WhiteElo "2022"]
[BlackElo "1475"]

1. e4 e6 2. Nf3 d6 3. d4 Nc6 4. Bd3 Nf6 5. Nc3 h6 6. O-O e5 7. dxe5 dxe5 8. Be3
Bd6 9. h3 Nh5 10. Nxe5 Bxe5 11. Qxh5 O-O 12. f4 Bxc3 13. bxc3 Qe7 14. f5 Qf6 15.
Bd2 Ne5 16. Rab1 Qg5 17. Bxg5 hxg5 18. Qxg5 b6 19. f6 Ng6 20. e5 gxf6 21. Rxf6
Kg7 22. Bxg6 fxg6 23. Qxg6+ Kh8 24. Rxf8# 1-0